000 00415nam a2200181Ia 4500
001 4261
005 20260306145742.0
008 260306t2010||||xx |||||||||||||| ||spa||
041 _aESP
082 _a320.101
_bH37 2010
100 _aHeller, Hermann
_eAUT
245 0 _aTeoría del estado
260 _c2010
300 _a398 páginas :
_c21 cm.
650 _aGEN
654 _aCDE
942 _cLIB
_dJUS
_fJUS
_2ddc
_n
999 _c4261
_d4261